| 000 | 00667nam a2200217 u 4500 | ||
|---|---|---|---|
| 005 | 20240228063638.0 | ||
| 008 | 110909s2005 r 000 0 eng d | ||
| 020 | _a8421694286 | ||
| 035 | _aUPN01000181770 | ||
| 049 | _aI | ||
| 050 | 4 |
_aPZ76.3 _bL6.5 |
|
| 100 | 1 |
_aLópez Bernués, Pilar, _d1957- _932350 |
|
| 245 | 1 | 3 |
_aEl misterio de los cachorros desaparecidos / _cPilar López Bernués ; il. Ximena Maier. |
| 260 |
_aMadrid : _bBruño, _c2005. |
||
| 300 |
_a177 p. : _bil. |
||
| 440 | 0 |
_aAltamar ; _v157. _pMisterio |
|
| 650 | 0 |
_aPerros _vCuentos y leyendas _98586 |
|
| 650 | 4 |
_aLiteratura infantil española _95892 |
|
| 905 | _aInfantil | ||
| 999 |
_c153873 _d153873 |
||